| 000 -LEADER |
| fixed length control field |
00449nam a22001217a 4500 |
| 082 ## - DEWEY DECIMAL CLASSIFICATION NUMBER |
| Classification number |
APPPA 2018-19\DAS |
| 100 ## - MAIN ENTRY--PERSONAL NAME |
| Personal name |
Das, Madhumita |
| 9 (RLIN) |
5448 |
| 245 ## - TITLE STATEMENT |
| Title |
Furthering financial inclusion : |
| Remainder of title |
role of India Post Payments Bank |
| Statement of responsibility, etc |
by Madhumita Das |
| 260 ## - PUBLICATION, DISTRIBUTION, ETC. (IMPRINT) |
| Place of publication, distribution, etc |
New Delhi |
| Name of publisher, distributor, etc |
Indian Institute of Public Administration |
| Date of publication, distribution, etc |
2019 |
| 300 ## - PHYSICAL DESCRIPTION |
| Extent |
197p. |
| 500 ## - GENERAL NOTE |
| General note |
APPPA Dissertation , 2018-19 (Guide : Dr. Charru Malhotra) |
| 650 ## - SUBJECT ADDED ENTRY--TOPICAL TERM |
| Topical term or geographic name as entry element |
Postal service -- India |
| 9 (RLIN) |
6329 |